[Event "Niedersachsen-ch op-C"]
[Site "Verden an der Aller"]
[Date "2020.01.03"]
[Round "4"]
[White "Lambrecht, Harald"]
[Black "Schwenker, Tim"]
[Result "1/2-1/2"]
[WhiteElo "1424"]
[BlackElo "822"]
[PlyCount "108"]
[EventDate "2020.01.02"]
[EventType "swiss"]
[EventRounds "7"]
[EventCountry "GER"]
[SourceTitle "EXT 2023"]
[Source "ChessBase"]
[SourceDate "2022.10.05"]
[SourceVersion "1"]
[SourceVersionDate "2022.10.05"]
[SourceQuality "1"]

1. d4 Nf6 2. c4 g6 3. Nc3 Bg7 4. e4 d6 5. f3 e5 6. Be3 0-0 7. h4 a6 8. g4 c5 9. d5 Bd7 10. h5 gxh5 11. gxh5 Ne8 12. Qd2 Nc7 13. Qg2 h6 14. Bxh6 Qf6 15. Bxg7 Qxg7 16. Qxg7+ Kxg7 17. Bh3 Be8 18. Bf5 b5 19. cxb5 axb5 20. Nce2 Nba6 21. a3 b4 22. axb4 Nxb4 23. Rxa8 Nxa8 24. Kd2 c4 25. Kc3 Nd3 26. Kxc4 Nxb2+ 27. Kc3 Nd1+ 28. Kd2 Ba4 29. Nc3 Nxc3 30. Kxc3 Kh6 31. Bg4 Nb6 32. Ne2 Bd7 33. Bxd7 Nxd7 34. Ng3 Rc8+ 35. Kd2 Rh8 36. Nf5+ Kg5 37. Nxd6 Rxh5 38. Nxf7+ Kg6 39. Rxh5 Kxh5 40. Ke3 Kg6 41. Nd6 Kf6 42. Nc4 Nf8 43. f4 exf4+ 44. Kxf4 Ng6+ 45. Ke3 Ne7 46. Kd4 Kf7 47. e5 Ke8 48. e6 Nxd5 49. Kxd5 Ke7 50. Ne5 Ke8 51. Kd6 Kd8 52. Nc6+ Ke8 53. e7 Kf7 54. e8Q+ Kxe8 1/2-1/2

[Event "Niedersachsen-ch op-C"]
[Site "Verden an der Aller"]
[Date "2020.01.02"]
[Round "1"]
[White "Freise, Linus"]
[Black "Lambrecht, Harald"]
[Result "1/2-1/2"]
[WhiteElo "1015"]
[BlackElo "1424"]
[PlyCount "50"]
[EventDate "2020.01.02"]
[EventType "swiss"]
[EventRounds "7"]
[EventCountry "GER"]
[SourceTitle "EXT 2023"]
[Source "ChessBase"]
[SourceDate "2022.10.05"]
[SourceVersion "1"]
[SourceVersionDate "2022.10.05"]
[SourceQuality "1"]

1. e4 c5 2. Nf3 d6 3. Bb5+ Bd7 4. Bc4 e6 5. c3 Bc6 6. Qc2 Nf6 7. d3 d5 8. exd5 Bxd5 9. Bb5+ Bc6 10. Bxc6+ Nxc6 11. Bg5 Be7 12. 0-0 0-0 13. Nbd2 h6 14. Bh4 Nd5 15. Bxe7 Qxe7 16. a3 Rfd8 17. Rad1 Nf4 18. Ne4 Rd7 19. d4 cxd4 20. cxd4 Rad8 21. Nc5 Rd5 22. Nb3 a5 23. a4 Qd6 24. Qd2 b6 25. Rfe1 Ng6 1/2-1/2

[Event "Niedersachsen-ch op C"]
[Site "Verden"]
[Date "2019.01.05"]
[Round "6"]
[White "Mill, Bernd"]
[Black "Lambrecht, Harald"]
[Result "1/2-1/2"]
[WhiteElo "932"]
[BlackElo "1248"]
[PlyCount "63"]
[EventDate "2019.01.03"]
[EventType "swiss"]
[EventRounds "7"]
[EventCountry "GER"]
[SourceTitle "EXT 2022"]
[Source "ChessBase"]
[SourceDate "2021.10.06"]
[SourceVersion "1"]
[SourceVersionDate "2021.10.06"]
[SourceQuality "1"]

1. e4 e6 2. Nf3 d5 3. exd5 exd5 4. d4 Bd6 5. Nc3 Be6 6. Bb5+ c6 7. Ba4 Nf6 8. 0-0 0-0 9. Ne2 Bg4 10. Nf4 Qc7 11. g3 Nbd7 12. c3 Rae8 13. Kg2 Re7 14. Bc2 Rfe8 15. h3 Bxf3+ 16. Kxf3 b5 17. b4 Nb6 18. a3 Nc4 19. Qd3 Re1 20. Nh5 R1e4 21. Nxf6+ gxf6 22. Qd1 f5 23. Bxe4 fxe4+ 24. Kg2 Re6 25. Qg4+ Rg6 26. Bg5 Kh8 27. Qf5 h6 28. Bh4 Nd2 29. f4 exf3+ 30. Rxf3 Nxf3 31. Qxf3 Kg7 32. Rf1 1/2-1/2

[Event "Schleswig Holstein-ch Seniors op 11th"]
[Site "Buesum"]
[Date "2017.09.08"]
[Round "1"]
[White "Bendisch, Juergen"]
[Black "Lambrecht, Harald"]
[Result "1-0"]
[WhiteElo "1903"]
[BlackElo "1414"]
[PlyCount "55"]
[EventDate "2017.09.08"]
[EventType "swiss"]
[EventRounds "9"]
[EventCountry "GER"]
[SourceTitle "EXT 2019"]
[Source "ChessBase"]
[SourceDate "2018.10.10"]
[SourceVersion "1"]
[SourceVersionDate "2018.10.10"]
[SourceQuality "1"]

1. d4 e6 2. Nf3 d5 3. Bf4 Bd6 4. Bg3 Bxg3 5. hxg3 c6 6. c3 Qb6 7. Qb3 Nd7 8. Nbd2 c5 9. Qc2 Ngf6 10. dxc5 Nxc5 11. e3 Bd7 12. Be2 Nfe4 13. 0-0 Nxd2 14. Nxd2 0-0 15. Rac1 f5 16. c4 Rac8 17. b3 a6 18. Qd1 Bc6 19. Nf3 Nd7 20. Qd2 Qa7 21. Rfd1 Rfd8 22. Nd4 Nf8 23. Qb2 Qa8 24. Bf3 dxc4 25. bxc4 Bxf3 26. gxf3 e5 27. Nxf5 Rxd1+ 28. Rxd1 1-0

[Event "Niedersachsen-ch op-D"]
[Site "Verden"]
[Date "2017.01.06"]
[Round "3"]
[White "Lambrecht, Harald"]
[Black "Hoke, Adrian Neo"]
[Result "0-1"]
[WhiteElo "1400"]
[BlackElo "1186"]
[PlyCount "104"]
[EventDate "2017.01.05"]
[EventType "swiss"]
[EventRounds "7"]
[EventCountry "GER"]
[SourceTitle "CBM 187 Extra"]
[Source "ChessBase"]
[SourceDate "2018.11.04"]
[SourceVersion "1"]
[SourceVersionDate "2018.11.04"]
[SourceQuality "1"]

1. d4 d5 2. Nf3 Nf6 3. c4 e6 4. Nc3 c5 5. Bg5 Be7 6. e3 Nc6 7. cxd5 Nxd5 8. Bxe7 Qxe7 9. Bc4 Nb6 10. Be2 cxd4 11. Nxd4 Nxd4 12. Qxd4 0-0 13. 0-0 e5 14. Qd2 Qg5 15. Ne4 Qg6 16. Ng3 Bd7 17. Bd3 Qf6 18. e4 Rfd8 19. Qe3 Bc6 20. f4 exf4 21. Rxf4 Qxb2 22. Raf1 f6 23. R4f2 Qd4 24. Qxd4 Rxd4 25. Bc2 Bb5 26. Re1 Nd7 27. Nf5 Rb4 28. Ne7+ Kh8 29. Nd5 Rc4 30. Bb3 Rc5 31. Rd2 Ne5 32. h3 Rd8 33. Rc2 Rxc2 34. Bxc2 Bc4 35. Bb3 Bxb3 36. axb3 Kg8 37. Rc1 Nc6 38. Nf4 Re8 39. Rc4 Kf7 40. Kf2 g5 41. Nd5 Kg6 42. g4 h5 43. Kg3 hxg4 44. hxg4 Rh8 45. Rc3 Rh1 46. Kg2 Rh4 47. Kg3 Ne5 48. Ne7+ Kf7 49. Rc7 Rxg4+ 50. Kf2 Rxe4 51. Nd5+ Ke6 52. Nc3 Rb4 0-1

[Event "Heusenstamm Sparkassen op-B 3rd"]
[Site "Heusenstamm"]
[Date "2016.11.27"]
[Round "2"]
[White "Hagner, Bennet"]
[Black "Lambrecht, Harald"]
[Result "1-0"]
[WhiteElo "1543"]
[BlackElo "1427"]
[PlyCount "39"]
[EventDate "2016.11.27"]
[EventType "swiss"]
[EventRounds "7"]
[EventCountry "GER"]
[SourceTitle "EXT 2018"]
[Source "ChessBase"]
[SourceDate "2017.10.13"]
[SourceVersion "1"]
[SourceVersionDate "2017.10.13"]
[SourceQuality "1"]

1. e4 d5 2. exd5 Qxd5 3. Nc3 Qa5 4. d4 Nf6 5. Nf3 Ne4 6. Bd2 Nxd2 7. Qxd2 Bg4 8. Bb5+ c6 9. Be2 e6 10. Ne5 Bxe2 11. Qxe2 Be7 12. 0-0 Qb6 13. Qg4 Bf6 14. Ne4 Bxe5 15. dxe5 Kf8 16. Rad1 Qc7 17. Qf4 Qe7 18. Rd6 Nd7 19. Rfd1 Rd8 20. Nc5 1-0

[Event "Heusenstamm Sparkassen op-B 3rd"]
[Site "Heusenstamm"]
[Date "2016.11.27"]
[Round "7"]
[White "Lambrecht, Harald"]
[Black "Ebeling, Gereon"]
[Result "0-1"]
[WhiteElo "1427"]
[BlackElo "1356"]
[PlyCount "76"]
[EventDate "2016.11.27"]
[EventType "swiss"]
[EventRounds "7"]
[EventCountry "GER"]
[SourceTitle "EXT 2018"]
[Source "ChessBase"]
[SourceDate "2017.10.13"]
[SourceVersion "1"]
[SourceVersionDate "2017.10.13"]
[SourceQuality "1"]

1. d4 d5 2. c4 c6 3. Nc3 Nf6 4. Bg5 e6 5. Bxf6 Qxf6 6. e3 Bb4 7. Qc2 e5 8. dxe5 Qxe5 9. a3 Bxc3+ 10. bxc3 Bf5 11. Bd3 Bxd3 12. Qxd3 dxc4 13. Qxc4 Nd7 14. Nf3 Qf6 15. 0-0 Nb6 16. Qb3 0-0 17. c4 Qe6 18. Rac1 Rad8 19. a4 Rd7 20. a5 Nc8 21. Nd4 Qf6 22. Rfd1 Rfd8 23. Nf3 h6 24. Rxd7 Rxd7 25. h3 Qe7 26. Rd1 Qd8 27. Rxd7 Qxd7 28. c5 Qc7 29. Qb4 b6 30. axb6 axb6 31. cxb6 Qxb6 32. Qf4 c5 33. Qf5 Nd6 34. Qd7 c4 35. Ne5 c3 36. Nxf7 c2 37. Nxh6+ gxh6 38. Qg4+ Kh8 0-1

[Event "GER-chB Seniors 28th"]
[Site "Niederhausen"]
[Date "2016.08.21"]
[Round "9"]
[White "Bill, Eugen"]
[Black "Lambrecht, Harald"]
[Result "1/2-1/2"]
[WhiteElo "1827"]
[BlackElo "1466"]
[PlyCount "58"]
[EventDate "2016.08.13"]
[EventType "swiss"]
[EventRounds "9"]
[EventCountry "GER"]
[SourceTitle "EXT 2019"]
[Source "ChessBase"]
[SourceDate "2018.10.10"]
[SourceVersion "1"]
[SourceVersionDate "2018.10.10"]
[SourceQuality "1"]

1. d4 Nf6 2. c4 e6 3. Nf3 d5 4. Nc3 b6 5. Bg5 Be7 6. e3 0-0 7. cxd5 exd5 8. g3 Ne4 9. Bxe7 Qxe7 10. Bg2 Nxc3 11. bxc3 Ba6 12. Ne5 c6 13. Nd3 Qa3 14. Qc2 Bxd3 15. Qxd3 Nd7 16. 0-0 Rac8 17. Rfb1 Qd6 18. Rc1 b5 19. Rc2 Nb6 20. Bf1 Na4 21. Qd1 Nb6 22. Bd3 Rfe8 23. Rcc1 a6 24. Qf3 Nc4 25. Bxc4 bxc4 26. a4 a5 27. Rcb1 Rb8 28. Qd1 Rxb1 29. Rxb1 Rb8 1/2-1/2